| 000 | 00961nam a22002417i 4500 | ||
|---|---|---|---|
| 050 | 1 | 4 |
_aG 154 _bB117 2012 |
| 260 | 1 | _c2012. | |
| 003 | URS | ||
| 005 | 20220117151146.0 | ||
| 008 | 180109b xxu||||| |||| 00| 0 eng d | ||
| 100 | 1 |
_aBabia, Noemi Abonitalla, _eauthor |
|
| 245 | 1 | 0 |
_aProblems encountered in the operation of the travel agencies in Antipolo City / _cNoemi Abonitalla Babia. |
| 300 |
_axiii, 51 leaves ; _billustration (some colour) : _c28 cm |
||
| 336 |
_2rdacontent _atext |
||
| 337 |
_2rdamedia _aunmediated |
||
| 338 |
_2rdacarrier _avolume |
||
| 502 |
_aThesis _bBachelor of Science in Psychology _cUniversity of Rizal System _d2012 |
||
| 504 | _aInclude bibliographical references | ||
| 520 | _aThe study primarily aimed to determine the Problems Encountered in The Operation of Travel Agencies in Antipolo City. | ||
| 650 | 0 |
_aTravel agents _zPhilippines _zRizal |
|
| 700 | 1 |
_aAlmedina, Medyline A. _edegree supervisor |
|
| 942 |
_2lcc _cT |
||
| 999 |
_c16966 _d16966 |
||